000 nam a22 7a 4500
999 _c9017
_d9017
008 180122b ||||| |||| 00| 0 eng d
100 _aBaig. M I
_95316
245 _aMathematics
260 _aNew delhi
_bNavdeep Publication
_c1999